LEADER 00978nam--2200361---450- 001 990003340020203316 005 20091027094152.0 010 $a0-571-13264-2$a0-571-13265-0 (Pbk) 035 $a000334002 035 $aUSA01000334002 035 $a(ALEPH)000334002USA01 035 $a000334002 100 $a20091027d1983----km-y0itay50------ba 101 $aeng 102 $aGB 105 $a||||||||001yy 200 1 $a<> world, the text, and the critic$fEdward W. Said 210 $aLondon$cFaber & Faber$d1983 215 $a327 p.$d21 cm 410 0$12001 454 1$12001 461 1$1001-------$12001 606 0 $aCritica letteraria$xStoria 676 $a801.95 700 1$aSAID,$bEdward W.$0132165 801 0$aIT$bsalbc$gISBD 912 $a990003340020203316 951 $aII.2.B.440$b943 DSLL 959 $aBK 969 $aDSLL 979 $aDSLL$b90$c20091027$lUSA01$h0941 996 $aWorld, the text, and the critic$9142476 997 $aUNISA LEADER 01960nam 2200385Ia 450 001 996389525603316 005 20210104171957.0 035 $a(CKB)4940000000094736 035 $a(EEBO)2240872268 035 $a(OCoLC)ocm64551589e 035 $a(OCoLC)64551589 035 $a(EXLCZ)994940000000094736 100 $a20060306f16551658 uy 0 101 0 $aeng 135 $aurbn||||a|bb| 200 14$aThe Qvakers fear., or, Wonderfull strange and true news from the famous town of Colchester in Essex$b[electronic resource] $eshewing the manner how one James Parnel, a Quaker by profession, took upon him to fast twelve days and twelve nights without any sustenance at all, and called the people that were his followers or disciples, and said that all the people in England that were not of their congregation, were all damned creatures. Of his blasphemous life and scandelous death in the jayl in Colchester this present month of April 1656, you shall here have a full relation. The tune is, Summer time, or, Bleeding heart 210 $a[London] $cPrinted for F. Coles, J. VVright, T. Vere and VV. Gilbertson$d[between 1655 and 1658] 215 $a1 sheet ([1] p.) $cill. (woodcuts) 300 $aCaption title. 300 $aSigned at end: L. P. 300 $aAttributed to Laurence Price. Cf. Wing (2nd ed.). 300 $aImprint from colophon. 300 $aPlace and date range of publication suggested by Wing (2nd ed.). 300 $aReproduction of original in: Bodleian Library. 330 $aeebo-0014 606 $aBallads, English$y17th century 608 $aBroadsides$zEngland$y17th century.$2rbgenr 615 0$aBallads, English 700 $aL. P$g(Laurence Price),$ffl. 1625-1680?$01001543 801 0$bUMI 801 1$bUMI 906 $aBOOK 912 $a996389525603316 996 $aThe Qvakers fear., or, Wonderfull strange and true news from the famous town of Colchester in Essex$92395964 997 $aUNISA